Diccionario Bompiani de autores literarios. (Registro nro. 34280)
[ vista simple ]
| 000 -LEADER | |
|---|---|
| fixed length control field | 01143cam a2200325 i 4500 |
| 001 - CONTROL NUMBER | |
| control field | 34280 |
| 003 - CONTROL NUMBER IDENTIFIER | |
| control field | Mx-PuUPA |
| 005 - DATE AND TIME OF LATEST TRANSACTION | |
| control field | 20220314125024.0 |
| 008 - FIXED-LENGTH DATA ELEMENTS--GENERAL INFORMATION | |
| fixed length control field | 140415s1987 sp a grd 000 0 spa d |
| 017 ## - COPYRIGHT OR LEGAL DEPOSIT NUMBER | |
| Copyright or legal deposit number | B.32177-1987 |
| 020 ## - INTERNATIONAL STANDARD BOOK NUMBER | |
| International Standard Book Number | 8439506449 |
| Qualifying information | volumen I |
| 020 ## - INTERNATIONAL STANDARD BOOK NUMBER | |
| International Standard Book Number | 8439506112 |
| Qualifying information | obra completa |
| 040 ## - CATALOGING SOURCE | |
| Original cataloging agency | Mx-PuUPA |
| Language of cataloging | spa |
| Transcribing agency | Mx-PuUPA |
| Modifying agency | Mx-PuUPA |
| Description conventions | rda |
| 041 0# - LANGUAGE CODE | |
| Language code of text/sound track or separate title | spa |
| 100 1# - MAIN ENTRY--PERSONAL NAME | |
| Personal name | González Porto-Bompiani, |
| Relator term | autor |
| 9 (RLIN) | 12251 |
| 245 10 - TITLE STATEMENT | |
| Title | Diccionario Bompiani de autores literarios. |
| Number of part/section of a work | Volumen I. |
| Name of part/section of a work | A-CZ / |
| Statement of responsibility, etc. | González Porto-Bompiani |
| 264 #1 - PRODUCTION, PUBLICATION, DISTRIBUTION, MANUFACTURE, AND COPYRIGHT NOTICE | |
| Place of production, publication, distribution, manufacture | [Barcelona, España] : |
| Name of producer, publisher, distributor, manufacturer | Editorial Planeta-De Agostini, |
| Date of production, publication, distribution, manufacture, or copyright notice | 1987 |
| 300 ## - PHYSICAL DESCRIPTION | |
| Extent | xv, 630 páginas : |
| Other physical details | ilustraciones ; |
| Dimensions | 23 cm |
| 336 ## - CONTENT TYPE | |
| Fuente | rdacontent |
| Content type term | texto |
| Content type code | txt |
| 337 ## - MEDIA TYPE | |
| Source | rdamedia |
| Media type term | sin medio |
| Media type code | n |
| 338 ## - CARRIER TYPE | |
| Source | rdacarrier |
| Carrier type term | volumen |
| Carrier type code | nc |
| 490 1# - SERIES STATEMENT | |
| Series statement | Grandes obras de consulta |
| 650 #7 - SUBJECT ADDED ENTRY--TOPICAL TERM | |
| Topical term or geographic name entry element | Autores |
| General subdivision | Biografía |
| Source of heading or term | armarc |
| Form subdivision | Diccionarios |
| 650 #7 - SUBJECT ADDED ENTRY--TOPICAL TERM | |
| Topical term or geographic name entry element | Autores |
| Source of heading or term | armarc |
| 830 #0 - SERIES ADDED ENTRY--UNIFORM TITLE | |
| 9 (RLIN) | 12260 |
| Uniform title | Grandes obras de consulta |
| 942 ## - ADDED ENTRY ELEMENTS (KOHA) | |
| Source of classification or shelving scheme | Dewey Decimal Classification |
| Koha item type | Libro |
| Classification part | 809 |
| Item part | G635 |
| Withdrawn status | Lost status | Source of classification or shelving scheme | Damaged status | Not for loan | Collection code | Home library | Current library | Shelving location | Date acquired | Source of acquisition | Serial Enumeration / chronology | Total Checkouts | Full call number | Barcode | Date last seen | Price effective from | Koha item type |
|---|---|---|---|---|---|---|---|---|---|---|---|---|---|---|---|---|---|
| Dewey Decimal Classification | Referencia | Biblioteca Karol Wojtyla | Biblioteca Karol Wojtyla | Área de silencio | 03/12/2013 | Compra | v.1 | 809 G635 1987 | 52027 | 05/01/2026 | 03/12/2013 | Libro R |